| 000 | 00348nam a2200145Ia 4500 | ||
|---|---|---|---|
| 005 | 20260415111637.0 | ||
| 008 | 191201s2012 xx 000 0 und d | ||
| 100 | _aPRASAD, KD | ||
| 245 | 0 | _aAntenna and wave propagation | |
| 250 | _a3rd Ed. Rep | ||
| 260 |
_c2012 _bSatya Prakashan _aN. delhi |
||
| 300 | _a1282 | ||
| 650 | _aECE | ||
| 942 |
_2ddc _cBB |
||
| 999 |
_c7566 _d7566 |
||